00304nam a2200097Ia 45000010005000000080041000050820017000461000062000632450055001252600026001802903241024s9999 xx 000 0 und d aRD/350/IN59c aInstituto de Desarrollo y Crédito Cooperativo (IDECOOP) 0aCruzada de defensa del honor la dignidad pública bAmigo del Hogarc2013